000 00812nam a22002175i 4500
001 159310
003 ES-MaACL
005 20250823004925.0
008 040910s1867 fr g |||| | fre d
040 _aCAM
_bspa
_cCAM
100 1 _aMéliot, Adolphe.
_979973
245 1 3 _aLa musique expliquée aux gens du monde
_b: avec 450 examples de musique et gravures sur bois /
_cpar A. Méliot.
250 _a2e éd.
260 _aParis :
_bL. Marpon libraire-éditeur,
_c[1867?] (
_fImprimé par Ch. Meyrueis)
300 _a176 p. :
_bil. ;
_c19 cm.
596 _aDedicatoria fechada en 1867.
599 _aLas il. son pautado musical.
650 7 _aMúsica
_2embne
_915376
852 _aES-MaACL
_jT-886-F-2
_z-- Enc. hol. conservando la cub. original
_z-- Enc. en un vol. facticio
999 _c159310
_d159310